[Event "Wch U12 Girls blitz"]
[Site "Batumi"]
[Date "2023.06.11"]
[Round "11"]
[White "Khikmatkhonova, Mokhinur"]
[Black "Meshkova, Aleksandra"]
[Result "1/2-1/2"]
[WhiteElo "1140"]
[BlackElo "1327"]
[PlyCount "152"]
[EventDate "2023.06.10"]
[EventType "swiss (blitz)"]
[EventRounds "11"]
[EventCountry "GEO"]
[SourceTitle "EXT 2024"]
[Source "ChessBase"]
[SourceDate "2023.10.10"]
[SourceVersion "1"]
[SourceVersionDate "2023.10.10"]
[SourceQuality "1"]
[WhiteTeam "Uzbekistan"]
[BlackTeam "Poland"]
[WhiteTeamCountry "UZB"]
[BlackTeamCountry "POL"]

1. d4 Nf6 2. Nc3 e6 3. Bf4 d5 4. Nb5 Na6 5. e3 c6 6. Nc3 Nc7 7. Nf3 Bb4 8. Bd3 Bd7 9. 0-0 0-0 10. a3 Bxc3 11. bxc3 Ne4 12. Bxe4 dxe4 13. Nd2 f5 14. f3 exf3 15. Rxf3 Nd5 16. c4 Nxf4 17. Rxf4 Be8 18. Nb3 b6 19. c5 Bf7 20. Qe2 Qf6 21. cxb6 axb6 22. e4 g6 23. e5 Qe7 24. Rf3 Rad8 25. Rh3 c5 26. dxc5 bxc5 27. Qc4 Rc8 28. a4 Qc7 29. Qh4 Be8 30. a5 Rf7 31. Qf4 c4 32. Nd4 Qc5 33. Kh1 Qd5 34. c3 Bc6 35. Rg3 Rb8 36. a6 Rb2 37. Nxc6 Qxc6 38. Qc1 Rb8 39. Rf3 Ra8 40. Qa3 Rfa7 41. Qb2 Rxa6 42. Rxa6 Qxa6 43. h3 Qa1+ 44. Qxa1 Rxa1+ 45. Kh2 Re1 46. Rf4 Re3 47. Rxc4 Rxe5 48. Rc7 h6 49. c4 Kf8 50. c5 Ke8 51. c6 Kd8 52. Rh7 Rc5 53. Rxh6 Rxc6 54. Rxg6 Ke7 55. Rg3 Kf6 56. Rf3 e5 57. h4 e4 58. Re3 Ke5 59. g3 Rc2+ 60. Kh3 Rc6 61. h5 Rh6 62. Kh4 f4 63. gxf4+ Kxf4 64. Re1 e3 65. Rf1+ Ke4 66. Kg5 Rh8 67. h6 e2 68. Re1 Kd3 69. Kg6 Kd2 70. Rxe2+ Kxe2 71. Kg7 Ra8 72. h7 Ra7+ 73. Kg8 Ra8+ 74. Kg7 Kf3 75. h8Q Rxh8 76. Kxh8 Ke4 1/2-1/2